Bases para la Esposición [sic] Agrícola, Industrial y Artística que ha de celebrarse en el año 1868
Descripción Física:
1 díptic ; 31 cm
MARC
| LEADER | 00000nam a2200000Ia 4500 | ||
|---|---|---|---|
| 001 | 16486 | ||
| 003 | BGR | ||
| 005 | 20260410113634.0 | ||
| 008 | 160829s1868 xx 000 0 cat d | ||
| 080 | |a RF-13-37 | ||
| 110 | 2 | |a Junta Directiva de la Exposición Aragonesa (1868) |9 71277 | |
| 245 | |a Bases para la Esposición [sic] Agrícola, Industrial y Artística que ha de celebrarse en el año 1868 | ||
| 260 | |a Zaragoza : |b (Tipografía de Francisco Castro), |c 1868 | ||
| 300 | |a 1 díptic ; |c 31 cm | ||
| 590 | |a Prové de 1401, exp. 17. | ||
| 590 | |a Hi ha dos duplicats a la mateixa capsa | ||
| 650 | |a Exposicions |x Saragossa |x 1868 |x Normes |9 48564 | ||
| 856 | 4 | |u https://media.diba.cat/diba/fitxers/arxiu/fulletons/bib_16486_1868_baixa.pdf |y Accés lliure | |
| 856 | 4 | |u https://media.diba.cat/diba/fitxers/arxiu/fulletons/bib_16486_1868_baixa.pdf |y Accés lliure | |
| 900 | |a bib_16486_1868_baixa.pdf | ||
| 901 | |a Arxiu | ||
| 942 | |n 1 |2 udc |c MON | ||
| 952 | |0 0 |1 0 |4 0 |6 RF1337 |7 1 |9 54656 |a Arxiu |b Arxiu |d 2016-12-01 |l 0 |o RF-13-37 |p 16486 |r 2016-12-01 00:00:00 |w 2016-12-01 |y ARXIU | ||
| 999 | |c 58525 |d 58525 | ||